000 00691nam a22002171i 4500
001 bimo0001083915
003 OSt
005 20150225213002.0
008 920725s2000 sp spa
020 _a84-7039-855-5
040 _cBMC
082 _a985.019
100 1 _9366
_aGarcilaso de la Vega
_d1539-1616
245 1 0 _aComentarios reales
_cinca Garcilaso de la Vega ; edición, selección, introducción y notas de Mercedes de Serna
260 0 _aMadrid
_bClásicos Castalia
_c2000
300 _a493 p.
_c18 cm
650 2 4 _9370
_aIncas
651 4 _932130
_aPerú
_xHistoria
_yHasta 1522 (Época prehispánica)
700 1 _aSerna, Mercedes
_932132
942 _2ddc
_cBK
_hahoj
999 _c18980
_d18980